NBA 2K Highest Rated Players Per Year - Statistics

General Stats
  • This quiz has been taken 662 times
  • The average score is 9 of 12
Answer Stats
Hint Answer % Correct
2K7, 2K9, 2K11, 2K12, 2K13, 2K14, 2K15, 2K16, 2K17, 2K18, 2K19, 2K20, 2K21, 2K22 LeBron James
99%
2K5, 2K7, 2K8, 2K9, 2K10, 2K11 Kobe Bryant
94%
2K22 Stephen Curry
94%
2K2, 2K3 Shaquille O'Neal
92%
2K22, 2K23 G. Antetokounmpo
91%
2K22 Kevin Durant
88%
2K Allen Iverson
83%
ESPN Basketball (2K4), 2K6, 2K8 Tim Duncan
73%
2K1, 2K5, 2K6, 2K9 Kevin Garnett
69%
2K7, 2K11 Dwyane Wade
66%
2K20 Kawhi Leonard
55%
2K9 Chris Paul
42%
No matching quizzes found
Score Distribution
Percent of People with Each Score
Percentile by Number Answered
Your Score History
You have not taken this quiz